Manchester United Nationalities - Statistics

General Stats
  • This quiz has been taken 221 times
    195 since last reset
  • The average score is 29 of 41
Answer Stats
Number of Players Answer % Correct
533 England
99%
12 France
96%
6 Portugal
94%
157 Scotland
94%
6 Spain
94%
7 Brazil
93%
40 Ireland
93%
6 Argentina
91%
13 Netherlands
91%
1 Germany
90%
46 Wales
90%
6 Belgium
88%
5 Italy
87%
5 Sweden
85%
4 United States
83%
5 Denmark
82%
5 Norway
82%
1 Japan
78%
1 Russia
78%
28 Northern Ireland
77%
1 South Korea
76%
4 Uruguay
74%
1 Chile
69%
1 Mexico
68%
3 Serbia
66%
1 Colombia
64%
1 Australia
61%
1 Poland
61%
1 Switzerland
59%
2 Ivory Coast
58%
1 Ecuador
54%
1 Nigeria
54%
1 Bulgaria
52%
1 South Africa
52%
1 China
51%
1 Cameroon
50%
1 Senegal
47%
1 Trinidad and Tobago
37%
1 Armenia
25%
1 Yugoslavia
14%
1 Angola
13%
No matching quizzes found
Score Distribution
Percent of People with Each Score
Percentile by Number Answered
Your Score History
You have not taken this quiz since the last reset